О применении чугуна в железобетонных колоннах: сообщение, сделанное профессором И. И. Бобарыковым на общем годичном собрании членов Об-ва Сибирских Инженеров 23 февраля 1914 года

Podrobná bibliografie
Hlavní autor: Бобарыков И. И. Иван Иванович
Shrnutí:Отдельный оттиск из "Журнала О-ва Сибирских Инженеров" за 1914 г., №4
Jazyk:ruština
Vydáno: Томск, Типо-литография Сибирского Т-ва Печатного Дела, 1914
Témata:
Médium: Kniha
KOHA link:https://koha.lib.tpu.ru/cgi-bin/koha/opac-detail.pl?biblionumber=271518

MARC

LEADER 00000nam0a2200000 4500
001 271518
005 20231101234438.0
035 |a (RuTPU)RU\TPU\book\294700 
090 |a 271518 
100 |a 20141008d1914 k y0rusy50 ca 
101 0 |a rus 
102 |a RU 
105 |a a z 000zy 
200 1 |a О применении чугуна в железобетонных колоннах  |e сообщение, сделанное профессором И. И. Бобарыковым на общем годичном собрании членов Об-ва Сибирских Инженеров 23 февраля 1914 года  |f И. И. Бобарыков 
210 |a Томск  |c Типо-литография Сибирского Т-ва Печатного Дела  |d 1914 
215 |a 16 с.  |c черт. 
300 |a Отдельный оттиск из "Журнала О-ва Сибирских Инженеров" за 1914 г., №4 
317 |5 63413507: 38//441  |a Поступил в НТБ в период с 1915 по 1925 гг. в дар от профессора И. И. Бобарыкова 
606 1 |a Железобетон  |x Деформация  |x Сопротивление материалов  |2 stltpush  |3 (RuTPU)RU\TPU\subj\10596  |9 37640 
610 1 |a железобетонные колонны 
610 1 |a чугун 
610 1 |a исследования 
610 1 |a труды учёных ТПУ 
610 1 |a Коллекция И. И. Бобарыкова 
675 |a 691.328:53  |v 3 
700 1 |a Бобарыков  |b И. И.  |c русский ученый в области сопротивления материалов и деталей машин  |c директор Томского технологического института (1916-1919)  |f 1869-1928  |g Иван Иванович  |2 stltpush  |3 (RuTPU)RU\TPU\pers\21827 
801 1 |a RU  |b 63413507  |c 20141008 
801 2 |a RU  |b 63413507  |c 20210419  |g RCR 
942 |c BK